| 000 | 00401nam a22001577a 4500 | ||
|---|---|---|---|
| 999 |
_c27678 _d27678 |
||
| 008 | 250224b ||||| |||| 00| 0 eng d | ||
| 020 | _a0671693743 | ||
| 082 | 0 | 0 |
_a823.914 _bA671 |
| 100 |
_95766 _aArcher, Jeffrey |
||
| 245 | 1 | 0 |
_aFirst among equals _cJeffrey Archer |
| 250 | _a1st ed. | ||
| 260 |
_aLONDON : _bPocket books, _c1985. |
||
| 300 | _a438 p. | ||
| 650 | 0 | _aPolitical fiction | |
| 942 | _cBK | ||